000 00958nam a2200217Ia 4500
999 _c41332
_d41332
001 7990
003 GE_BSU
005 20221004101025.0
008 181216s2013ge xx |||||||||||||| ||geo||
020 _a9789941409981
040 _cGE_BSU
041 _ageo
080 _a811.13(042.4) ს-96
100 _aსურგულაძე, ნატალია
_95439
245 _aშესავალი რომანულ ფილოლოგიაში :
_bსალექციო კურსი /
_c ნატალია სურგულაძე, რედ. მარინე გიორგაძე
264 _aბათუმი :
_bშოთა რუსთაველის სახ. უნ-ტი,
_c2013.
300 _a126 გვ .:
_b ილ.
_c20 სმ,;
653 _aრომანული ენები
700 _aგიორგაძე, მარინე
_eრედაქტორი
_914993
942 _cBK
_2udc